Score 0/16 Timer 01:00
0 Plays Today
% Correct
barter
89.7%
folk
84.2%
fierce
78.9%
madams
75.7%
push
75.7%
draft
75%
vixen
74%
schlump
65.5%
% Correct
sailor
63.3%
mover
56.7%
board
52.7%
slant
48.5%
miler
37.3%
raze
33.8%
lumen
28.4%
widen
17.1%

Today's Daily Dose

Remove Ads.
Support Sporcle.
Get the best of Sporcle when you Go Orange. This ad-free experience offers more features, more stats, and more fun while also helping to support Sporcle. Thank you for becoming a member.

You're not logged in!

Compare scores with friends on all Sporcle quizzes.
OR
Log In

Show Comments

Extras

Top Quizzes Today


Score Distribution

Your Account Isn't Verified!

In order to create a playlist on Sporcle, you need to verify the email address you used during registration. Go to your Sporcle Settings to finish the process.

Report this User

Report this user for behavior that violates our Community Guidelines.

Details: